000 00926nam a2200253 i 4500
001 bg
003 KOSZ 005
005 20191026082547.0
008 071027s1968 pl a f 001 0 pol
015 _aPB 1968/4742
040 _aWA N
_cKOSZ 005/RW
_dKOSZ 005/RW
080 _a621
100 1 _aFeld, Mieczysław
_d(1924-2012)
_eAutor
245 1 0 _aProjektowanie procesów technologicznych typowych części maszyn /
_cMieczysław Feld.
260 _aWarszawa :
_bWydawnictwa Naukowo-Techniczne,
_c1968.
300 _a411, [1] s., [3] k. tabl. :
_bil., err. ;
_c25 cm.
380 _aKsiążki.
504 _aBibliogr. s. [407]. Indeks.
650 4 _aMaszyny
_xtechnologia.
655 4 _aPodręczniki akademickie
710 2 _aWydawnictwa Naukowo-Techniczne
_4pbl.
856 _uhttp://koha.tu.koszalin.pl/cgi-bin/koha/opac-detail.pl?biblionumber=34781
_yKatalog online BPK
942 _2UKD
_cKS
999 _c34781
_d34781